Junie B. Jones and that meanie Jim's birthday / (Record no. 3114)

MARC details
000 -LEADER
fixed length control field 01268cam a2200373 a 4500
001 - CONTROL NUMBER
control field 3114
003 - CONTROL NUMBER IDENTIFIER
control field FISKH
005 - DATE AND TIME OF LATEST TRANSACTION
control field 20240718155944.0
008 - FIXED-LENGTH DATA ELEMENTS--GENERAL INFORMATION
fixed length control field 950718s1996 nyua b 000 1 eng
010 ## - LIBRARY OF CONGRESS CONTROL NUMBER
LC control number 95035513
020 ## - INTERNATIONAL STANDARD BOOK NUMBER
International Standard Book Number 0679866957 (trade)
020 ## - INTERNATIONAL STANDARD BOOK NUMBER
International Standard Book Number 090129003990
020 ## - INTERNATIONAL STANDARD BOOK NUMBER
International Standard Book Number 0679966951 (glb)
040 ## - CATALOGING SOURCE
Original cataloging agency DLC
Transcribing agency DLC
Modifying agency DLC
Language of cataloging eng
050 00 - LIBRARY OF CONGRESS CALL NUMBER
Classification number PZ7.P2197
082 ## - DEWEY DECIMAL CLASSIFICATION NUMBER
Classification number 813.54
100 1# - MAIN ENTRY--PERSONAL NAME
Personal name Park, Barbara.
245 10 - TITLE STATEMENT
Title Junie B. Jones and that meanie Jim's birthday /
Statement of responsibility, etc. by Barbara Park ; illustrated by Denise Brunkus.
260 ## - PUBLICATION, DISTRIBUTION, ETC.
Place of publication, distribution, etc. New York :
Name of publisher, distributor, etc. Random House,
Date of publication, distribution, etc. 1996.
300 ## - PHYSICAL DESCRIPTION
Extent 85 pages :
Other physical details illustrations ;
Dimensions 20 cm
490 1# - SERIES STATEMENT
Series statement The Junie B. Jones series ;
Volume/sequential designation Book 6
500 ## - GENERAL NOTE
General note "A First stepping stone book."
505 ## - FORMATTED CONTENTS NOTE
Formatted contents note K<br/>
520 ## - SUMMARY, ETC.
Summary, etc. Junie B is very upset when a boy in her class plans to invite everyone except her to his birthday party, but her grandfather helps her deal with the situation.
521 ## - TARGET AUDIENCE NOTE
Target audience note 510<br/>
Source Lexile<br/><br/>
521 ## - TARGET AUDIENCE NOTE
Target audience note K<br/>
Source Raz-Plus<br/>
650 #1 - SUBJECT ADDED ENTRY--TOPICAL TERM
Topical term or geographic name entry element Kindergarten
General subdivision Fiction.
650 #1 - SUBJECT ADDED ENTRY--TOPICAL TERM
Topical term or geographic name entry element Schools
General subdivision Fiction.
650 #1 - SUBJECT ADDED ENTRY--TOPICAL TERM
Topical term or geographic name entry element Behavior
General subdivision Fiction.
650 #1 - SUBJECT ADDED ENTRY--TOPICAL TERM
Topical term or geographic name entry element Grandfathers
General subdivision Fiction.
700 1# - ADDED ENTRY--PERSONAL NAME
Personal name Brunkus, Denise,
Relator term illustrator
906 ## - LOCAL DATA ELEMENT F, LDF (RLIN)
a 7
b cbc
c orignew
d 1
e ocip
f 19
g y-gencatlg
942 ## - ADDED ENTRY ELEMENTS (KOHA)
Source of classification or shelving scheme Dewey Decimal Classification
Koha item type Books
Suppress in OPAC No
Holdings
Withdrawn status Lost status Source of classification or shelving scheme Damaged status Not for loan Collection Home library Current library Shelving location Date acquired Total Checkouts Full call number Barcode Date last seen Price effective from Koha item type
    Dewey Decimal Classification     Juvenile Fiction Footprints International School Library Network Toul Kork Campus Footprints International School Library Network Toul Kork Campus TK Primary Library Room(4th Floor), Bookcase 3&4, Shelves 17-32, Yellow Books 02/07/2024   PAR 813.54 PZ7.P2197 FISTKG2A071 02/07/2024 02/07/2024 Books